000 00774nam a2200253 a 4500
001 405
003 BR-CuiBMT
005 20231106220152.0
008 231101s2009 spba 001 0 por d
020 _a9788577890217
040 _aBR-CuiBMT
_cBR-CuiBMT
080 _a35.077
_22007
090 _a35.077
_bN824d
100 1 _aNorbim, Luciano Dalvi,
_d1980-
245 0 _aDireito administrativo :
_bdoutrina e prática /
_cLuciano Dalvi Norbim.
260 _aLeme :
_bJ. H. Mizuno,
_c2009.
300 _a519 p. :
_bil. ;
_c24 cm
500 _aSubtítulo retirado da capa.
504 _aInclui bibliografia e índice.
650 _aDireito administrativo
650 _aControle da administração pública
650 _aAdministração pública
_xDireito
942 _2udc
_cLV
999 _c405
_d405